Introduction to the Bible / (Record no. 3853)

MARC details
000 -LEADER
fixed length control field 00450nam a22001577a 4500
003 - CONTROL NUMBER IDENTIFIER
control field GBCCL
005 - DATE AND TIME OF LATEST TRANSACTION
control field 20241126110505.0
008 - FIXED-LENGTH DATA ELEMENTS--GENERAL INFORMATION
fixed length control field 171214b xxu||||| |||| 00| 0 eng d
040 ## - CATALOGING SOURCE
Transcribing agency gbc
100 ## - MAIN ENTRY--PERSONAL NAME
Personal name Foreman, Kenneth J.
9 (RLIN) 7590
245 ## - TITLE STATEMENT
Title Introduction to the Bible /
Statement of responsibility, etc. Kenneth J. Foreman, Et.al.
260 ## - PUBLICATION, DISTRIBUTION, ETC.
Place of publication, distribution, etc. Virginia:
Name of publisher, distributor, etc. John Knox Pess,
Date of publication, distribution, etc. 1963
300 ## - PHYSICAL DESCRIPTION
Extent 171 p.;
Dimensions 20 cm.
440 ## - SERIES STATEMENT/ADDED ENTRY--TITLE
Title The Layman's Bible Commentary
Volume/sequential designation v. 1
9 (RLIN) 7591
942 ## - ADDED ENTRY ELEMENTS (KOHA)
Source of classification or shelving scheme Dewey Decimal Classification
Koha item type Books
Holdings
Withdrawn status Lost status Source of classification or shelving scheme Damaged status Not for loan Home library Current Library Shelving location Date acquired Total checkouts Barcode Date last seen Copy number Price effective from Koha item type
    Dewey Decimal Classification     GRACE BIBLE COLLEGE GRACE BIBLE COLLEGE Vernacular 2017-12-14   006571 2017-12-14 c.2 v.1 2017-12-14 Books
© Grace Bible College Library 2025